Bài tập tiếng Anh 6

সংরক্ষণ করুন:
গ্রন্থ-পঞ্জীর বিবরন
প্রধান লেখক: Nguyễn, Văn Lợi
অন্যান্য লেখক: Nguyễn, Hạnh Dung
বিন্যাস: গ্রন্থ
ভাষা:Undetermined
প্রকাশিত: H. Giáo dục 2009
বিষয়গুলি:
অনলাইন ব্যবহার করুন:http://lrc.tdmu.edu.vn/opac/search/detail.asp?aID=2&ID=6191
ট্যাগগুলো: ট্যাগ যুক্ত করুন
কোনো ট্যাগ নেই, প্রথমজন হিসাবে ট্যাগ করুন!
Thư viện lưu trữ: Trung tâm Học liệu Trường Đại học Thủ Dầu Một
LEADER 00640nam a2200205Ia 4500
001 TDMU_6191
008 210410s9999 xx 000 0 und d
082 |a 420.76 
090 |b NG525 
100 |a Nguyễn, Văn Lợi 
245 0 |a Bài tập tiếng Anh 6 
245 0 |c Nguyễn Văn Lợi 
260 |a H. 
260 |b Giáo dục 
260 |c 2009 
300 |a 144tr. 
650 |a Tiếng Anh; Sách lớp 6; Ngoại ngữ  
700 |a Nguyễn, Hạnh Dung 
856 |u http://lrc.tdmu.edu.vn/opac/search/detail.asp?aID=2&ID=6191 
980 |a Trung tâm Học liệu Trường Đại học Thủ Dầu Một